B'Nai B'Rith Great Books Series: (Record no. 2248)

000 -LEADER
fixed length control field 00683nam a2200205 a 4500
001 - CONTROL NUMBER
control field :::00021089$&:&@@
003 - CONTROL NUMBER IDENTIFIER
control field OkBaRHE
005 - DATE AND TIME OF LATEST TRANSACTION
control field 20100331112259.0
008 - FIXED-LENGTH DATA ELEMENTS--GENERAL INFORMATION
fixed length control field s1974 j 000 0 eng u
040 ## - CATALOGING SOURCE
Transcribing agency
100 1# - MAIN ENTRY--PERSONAL NAME
Personal name Milligram, Abraham Ezra 1901-ed.
245 10 - TITLE STATEMENT
Title B'Nai B'Rith Great Books Series:
Remainder of title Vol V Great Jewish Ideas
250 ## - EDITION STATEMENT
Edition statement 2nd
260 ## - PUBLICATION, DISTRIBUTION, ETC. (IMPRINT)
Place of publication, distribution, etc Clinton,Mass
Name of publisher, distributor, etc Colonial Press Inc
Date of publication, distribution, etc 1974
300 ## - PHYSICAL DESCRIPTION
Extent xi 352p : 24cm
490 0# - SERIES STATEMENT
Series statement Great Jewish Ideas God Torah Israel edited by Abraham Ezra Milligram
650 ## - SUBJECT ADDED ENTRY--TOPICAL TERM
Topical term or geographic name as entry element Judaism
942 ## - ADDED ENTRY ELEMENTS (KOHA)
Source of classification or shelving scheme
Koha item type Books
Copies
Damaged status Permanent Location Price effective from Shelving location Date acquired Source of classification or shelving scheme Barcode Full call number Not for loan Koha item type Lost status Date last seen Copy number Collection code Withdrawn status
 RHEMA Bible Training College2010-04-14General Stacks2010-04-14 21089BM 601 .M5 1974 Books 2010-04-141Reference